[Event "AUTO-ADV-1713"]
[Site "http://www.queenalice.com/game.php?id=755407"]
[Date "2010.4.2"]
[Round "1"]
[White "georgelin"]
[Black "DORLISS"]
[Result "0-1"]
[WhiteElo "1797"]
[BlackElo "1792"]

1. e4 e5 2. Nf3 Nc6 3. Nc3 Nf6 4. Bc4 d6 5. h3 Be7 6. d3 O-O 7. Be3 a6 8. a3 Na5
9. O-O Nxc4 10. dxc4 Re8 11. Nd5 Nxd5 12. cxd5 c6 13. c4 cxd5 14. cxd5 f5 15.
Qd3 Bd7 16. a4 b5 17. b3 f4 18. Bd2 Rc8 19. Rfc1 Qb6 20. Rxc8 Rxc8 0-1

[Event "AUTO-ADV-1713"]
[Site "http://www.queenalice.com/game.php?id=755408"]
[Date "2010.4.2"]
[Round "1"]
[White "DORLISS"]
[Black "georgelin"]
[Result "1-0"]
[WhiteElo "1808"]
[BlackElo "1781"]

1. e4 e5 2. Nf3 d6 3. Bc4 h6 4. O-O Nc6 5. c3 Nf6 6. Re1 Be7 7. d4 Na5 8. Bd3
Bd7 9. h3 O-O 10. Nbd2 a6 11. Nf1 Nh5 12. d5 c6 13. b4 cxd5 14. bxa5 Qxa5 15. c4
dxc4 16. Bxc4 1-0

[Event "AUTO-ADV-1713"]
[Site "http://www.queenalice.com/game.php?id=755409"]
[Date "2010.4.2"]
[Round "1"]
[White "georgelin"]
[Black "Hugopessanha"]
[Result "0-1"]
[WhiteElo "1733"]
[BlackElo "1754"]

1. e4 e5 2. Nf3 Bc5 3. Nc3 Nf6 4. Bc4 Ng4 5. O-O Nc6 6. d3 Na5 7. Nd2 d5 8. exd5
Qf6 9. Nce4 Qh6 10. h3 Nxf2 11. Nxf2 Nxc4 12. Nxc4 Qf6 13. Be3 Bxe3 14. Nxe3 O-O
15. Nfg4 Qb6 16. Kh2 Qxb2 17. Nc4 Qc3 18. Ngxe5 Be6 19. dxe6 fxe6 20. Qd2 Qd4
21. Qe3 Qd5 22. Rf3 b5 23. Nd2 Qd6 24. Rxf8+ Rxf8 0-1

[Event "AUTO-ADV-1713"]
[Site "http://www.queenalice.com/game.php?id=755410"]
[Date "2010.4.2"]
[Round "1"]
[White "Hugopessanha"]
[Black "georgelin"]
[Result "1-0"]
[WhiteElo "1751"]
[BlackElo "1816"]

1. e4 e5 2. Nf3 d6 3. Bc4 Nc6 4. d3 Bg4 5. h3 Bxf3 6. Qxf3 Qf6 7. Bg5 Qxf3 8.
gxf3 Nd4 9. Kd1 Nxf3 10. h4 Nxg5 11. hxg5 h6 12. Nc3 Be7 13. Nb5 Bd8 14. a4 a6
15. Nc3 Bxg5 16. Nd5 O-O-O 17. a5 Ne7 18. Nxe7+ Bxe7 19. Bxf7 Rhf8 20. Be6+ Kb8
21. Ra3 Rf6 22. Bd5 c6 23. Bc4 Rxf2 24. Ke1 Rdf8 25. Rb3 1-0

[Event "AUTO-OPEN-1934"]
[Site "http://www.queenalice.com/game.php?id=755487"]
[Date "2010.4.2"]
[Round "1"]
[White "Vetao"]
[Black "georgelin"]
[Result "1-0"]
[WhiteElo "1744"]
[BlackElo "1766"]

1. e4 e5 2. Bc4 Nf6 3. Qf3 Bc5 4. Qb3 O-O 5. Nh3 Nxe4 6. d3 Nd6 7. Bg5 Qe8 8.
Nd2 Nxc4 9. Qxc4 d6 10. g4 h6 11. Be3 Bxe3 12. fxe3 Nc6 13. O-O-O Bxg4 14. Qxg4
Qe6 15. Rdg1 Qxg4 16. Rxg4 f5 17. Rg6 Ne7 18. Rg3 f4 19. exf4 exf4 20. Rf3 g5
21. Nf2 Nf5 22. Ng4 Rae8 23. Ne4 1-0

[Event "AUTO-OPEN-1934"]
[Site "http://www.queenalice.com/game.php?id=755488"]
[Date "2010.4.2"]
[Round "1"]
[White "georgelin"]
[Black "Vetao"]
[Result "0-1"]
[WhiteElo "1749"]
[BlackElo "1761"]

1. e4 e5 2. Nf3 Qf6 3. Nc3 c6 4. d4 h6 5. dxe5 Qg6 6. Be3 d6 7. Bc4 Qxg2 8. Rg1
Qh3 9. Rg3 Qd7 10. exd6 g6 11. e5 Bg7 12. e6 fxe6 13. Qd3 Qf7 14. Nh4 Nf6 15.
Nxg6 Rh7 16. O-O-O Nh5 17. Ne7 Rh8 18. Rg6 Nf4 19. Bxf4 Bd7 20. Rg3 Qxf4+ 21.
Kb1 Bf6 22. Rf3 Qh4 23. Qg6+ Kd8 0-1

[Event "AUTO-OPEN-1934"]
[Site "http://www.queenalice.com/game.php?id=755519"]
[Date "2010.4.2"]
[Round "1"]
[White "georgelin"]
[Black "Blutigeroo"]
[Result "1/2-1/2"]
[WhiteElo "1812"]
[BlackElo "1873"]

1. e4 e5 2. Nf3 Nf6 3. Nc3 d5 4. exd5 e4 5. Bb5+ c6 6. dxc6 Nxc6 7. Ne5 Bd7 8.
Nxd7 Qxd7 9. O-O a6 10. Bxc6 Qxc6 11. Re1 Bd6 12. d3 O-O-O 13. Nxe4 Nxe4 14.
Rxe4 Kb8 15. Qg4 g6 16. Rc4 Qb5 17. b3 Qe5 18. Bb2 Qxh2+ 19. Kf1 Rhe8 20. Qh3
Qxh3 21. gxh3 Re6 22. Re1 Rxe1+ 23. Kxe1 Bc7 24. f3 Bg3+ 25. Kf1 h5 26. Bf6 Re8
27. Re4 Rc8 28. Kg2 Bd6 29. Rc4 Re8 30. Re4 1/2-1/2

[Event "AUTO-OPEN-1934"]
[Site "http://www.queenalice.com/game.php?id=755520"]
[Date "2010.4.2"]
[Round "1"]
[White "Blutigeroo"]
[Black "georgelin"]
[Result "0-1"]
[WhiteElo "1949"]
[BlackElo "1718"]

1. b4 e5 2. c4 Bxb4 3. Qa4 Nc6 4. a3 Bc5 5. g3 e4 6. Bg2 Qf6 7. e3 Qxa1 8. Qb3
Qf6 9. Nh3 d6 10. Nf4 Qd8 11. Nc3 Nf6 12. Nxe4 Nxe4 13. Bxe4 O-O 14. O-O Na5 15.
Qc3 Nc6 16. Bb2 f6 17. Bd5+ Kh8 18. d4 Bb6 19. Bxc6 bxc6 20. c5 dxc5 21. dxc5
Ba6 22. Rc1 Bxc5 23. Qxc5 Qd6 24. Qa5 Bc8 25. Bd4 Rf7 26. Qh5 Kg8 27. Qe2 Qxa3
28. Rxc6 Rb8 29. Nd5 Bb7 30. Rc3 Qa1+ 31. Kg2 Bxd5+ 32. e4 Re7 33. Rxc7 Rxe4 0-1

[Event "archiphile-2"]
[Site "http://www.queenalice.com/game.php?id=766775"]
[Date "2010.4.26"]
[Round "1"]
[White "FoxInSox"]
[Black "georgelin"]
[Result "0-1"]
[WhiteElo "1608"]
[BlackElo "1726"]

1. d4 d5 2. Nf3 Nc6 3. e3 Nf6 4. c4 dxc4 5. Bxc4 e6 6. Nc3 Bb4 7. a3 Bxc3+ 8.
bxc3 Ne4 9. Qc2 Nd6 10. Bd3 g6 11. e4 Bd7 12. Bg5 f6 13. Bh4 Qe7 14. e5 Nf5 15.
Bxf6 Qf8 16. Bxh8 Qxh8 17. Ng5 h6 18. Nf3 Nce7 19. a4 g5 20. Be4 Bc6 21. Bxc6+
Nxc6 22. d5 Nxe5 23. dxe6 Nxf3+ 24. gxf3 Qe5+ 25. Qe4 Qxc3+ 26. Kf1 Qxa1+ 27.
Kg2 Nh4+ 28. Qxh4 gxh4 29. Rxa1 Ke7 30. Re1 c5 31. Re4 Rg8+ 32. Kh3 Rg6 33. Kxh4
Rxe6 34. Rc4 Rf6 35. Kg3 Kd6 36. Rf4 Rxf4 37. Kxf4 Kd5 38. Ke3 Ke5 39. f4+ Kf5
40. h4 h5 0-1

[Event "citryien"]
[Site "http://www.queenalice.com/game.php?id=785984"]
[Date "2010.6.5"]
[Round "3"]
[White "sasquatico"]
[Black "georgelin"]
[Result "1-0"]
[WhiteElo "1720"]
[BlackElo "1743"]

1. e4 e5 2. Nf3 d6 3. Bc4 h6 4. h3 Nf6 5. O-O a6 6. c3 Bd7 7. d3 Bb5 8. Bb3 c5
9. c4 Bc6 10. Nc3 b5 11. cxb5 axb5 12. Nd5 c4 13. dxc4 bxc4 14. Bxc4 Nxe4 15.
Be3 Nd7 16. Qd3 Nec5 17. Bxc5 Nxc5 18. Qc3 Be7 19. Rad1 O-O 20. Nxe7+ Qxe7 21.
Bd5 Bxd5 22. Rxd5 Rfc8 23. Qd2 Rd8 24. b4 Ne4 25. Qe3 Nf6 26. Ra5 Rxa5 27. bxa5
Ra8 28. Qb6 Nd5 29. Qb5 Nc3 30. Qb3 Ne4 31. Qd5 Qd8 32. Qxe4 Qxa5 33. Ra1 Qc3
34. Qxa8+ 1-0

[Event "archiphile-2"]
[Site "http://www.queenalice.com/game.php?id=823344"]
[Date "2010.8.25"]
[Round "2"]
[White "georgelin"]
[Black "Sigmund"]
[Result "1-0"]
[WhiteElo "1737"]
[BlackElo "1703"]

1. e4 e5 2. Nf3 Nc6 3. Bc4 h6 4. Nc3 Nf6 5. O-O b6 6. d3 Bb7 7. a3 d6 8. b4 Qe7
9. Nd5 Nxd5 10. Bxd5 O-O-O 11. b5 Na5 12. Bxb7+ Nxb7 13. a4 g5 14. g3 d5 15.
exd5 Rxd5 16. Re1 Bg7 17. Bb2 Nc5 18. a5 bxa5 19. Rxa5 Kb7 20. Qa1 Nd7 21. Rxa7+
Kc8 22. Ra8+ Nb8 23. Qa6+ Kd7 24. Qb7 f6 25. Qxd5+ Qd6 26. Qxd6+ cxd6 27. Rea1
Kc7 28. R1a7+ Kb6 29. Rxg7 Rc8 30. c4 1-0

[Event "archiphile-2"]
[Site "http://www.queenalice.com/game.php?id=849196"]
[Date "2010.10.22"]
[Round "3"]
[White "georgelin"]
[Black "Claudio49"]
[Result "0-1"]
[WhiteElo "1772"]
[BlackElo "2092"]

1. e4 c5 2. Bc4 e6 3. Nc3 Nf6 4. e5 d5 5. exd6 Bxd6 6. d3 O-O 7. Bg5 Nbd7 8. Ne4
Be7 9. Nh3 Nxe4 10. Bxe7 Qxe7 11. dxe4 Nb6 12. Qe2 e5 13. O-O-O Bxh3 14. gxh3
Nxc4 15. Qxc4 Rad8 16. h4 Qxh4 17. Qxc5 Qxe4 18. Rde1 Qa4 19. a3 Rc8 20. b3 Qxb3
21. cxb3 Rxc5+ 22. Kb2 Rd8 23. Rd1 Rcd5 24. Rxd5 Rxd5 25. Kc3 h5 26. Kc4 Rd4+
27. Kc5 Rd3 28. Kc4 Rh3 29. a4 e4 30. b4 f5 31. b5 b6 0-1

[Event "citryien"]
[Site "http://www.queenalice.com/game.php?id=855166"]
[Date "2010.11.5"]
[Round "4"]
[White "georgelin"]
[Black "mizu"]
[Result "1-0"]
[WhiteElo "1752"]
[BlackElo "1849"]

1. e4 e5 2. Nf3 Nc6 3. Nc3 Nf6 4. Bc4 Be7 5. d3 O-O 6. Ne2 Nh5 7. Nc3 Nf4 8. Nd5
Nxd5 9. Bxd5 d6 10. Be3 Bg4 11. h3 Bh5 12. g4 Bg6 13. h4 h6 14. g5 hxg5 15. h5
Bh7 16. h6 g6 17. Qd2 Nd4 18. Nxd4 exd4 19. Bxd4 Bf6 20. Qc3 1-0